| 000 | 00816nas a2200277 4500 | ||
|---|---|---|---|
| 001 | BR0807542 | ||
| 003 | BR-BrBNA | ||
| 005 | 20231205112706.0 | ||
| 007 | ta | ||
| 008 | 230509b bl.|||p| |||| 00| 00por d | ||
| 040 |
_aBR-BrBNA _bpor _cBiblioteca Nacional de Agricultura |
||
| 041 | _a(En) | ||
| 072 | _aF63 | ||
| 100 | 1 | _aCarpes, S.T. | |
| 100 | 1 | _aBegnini, R. | |
| 100 | 1 | _aAlencar, S.M. de | |
| 100 | 1 | _aMasson, M.L. | |
| 245 | 1 | _aStudy of preparations of bee pollen extracts, antioxidant and antibacterial activity | |
| 650 | _aPÓLEN | ||
| 650 | _aETANOL | ||
| 650 | _aBACTÉRIA | ||
| 650 | _aANTIOXIDANTE | ||
| 773 | 0 |
_tCiência e Agrotecnologia (Brazil) _xISSN 1413-7054 _g(Nov-Dec 2007), v. 31(6) p. 1818-1825 _wBR0807542 |
|
| 909 |
_a202311 _bLúcia _c55 _dLúcia Elande |
||
| 942 |
_2AGRIS _n0 _cANA |
||
| 999 |
_c199404 _d199404 |
||